Statistics for Countries That Border France

Click here to take the quiz!

General Stats

  • This quiz has been taken 49 times
  • The average score is 10 of 11

Answer Stats

Answer% Correct
Andorra
100%
Switzerland
100%
Belgium
98%
Germany
98%
Spain
98%
Italy
95%
Luxembourg
95%
Monaco
89%
Brazil
86%
Suriname
84%
Netherlands
82%

Score Distribution

Percentile by Number Answered

Percent of People with Each Score

Your Score History

You have not taken this quiz